Novelas escogidas / (Record no. 113569)

MARC details
000 -LEADER
campo de control de longitud fija 00560nam a2200193 4500
001 - NÚMERO DE CONTROL
campo de control 113569
003 - IDENTIFICADOR DE NÚMERO DE CONTROL
campo de control ES-MaACL
005 - FECHA Y HORA DE LA ÚLTIMA TRANSACCIÓN
campo de control 20230906185937.0
007 - CAMPO FIJO DE DESCRIPCIÓN FÍSICA--INFORMACIÓN GENERAL
campo de control de longitud fija t|
008 - DATOS DE LONGITUD FIJA--INFORMACIÓN GENERAL
campo de control de longitud fija 061121s1956 sp r ||||1| spa d
100 0# - ENTRADA PRINCIPAL--NOMBRE DE PERSONA
Nombre de persona Noel, Eugenio,
Fechas asociadas al nombre 1885-1936
9 (RLIN) 85823
245 10 - MENCIÓN DEL TÍTULO
Título Novelas escogidas /
Mención de responsabilidad, etc. Eugenio Noel.
260 ## - PUBLICACIÓN, DISTRIBUCIÓN, ETC.
Lugar de publicación, distribución, etc. Madrid :
Nombre del editor, distribuidor, etc. [s.n.],
Fecha de publicación, distribución, etc. 1956 (
Fabricante Gráfs. C.I.O.)
300 ## - DESCRIPCIÓN FÍSICA
Extensión 497 p. :
Otras características físicas il. ;
Dimensiones 18 cm.
490 1# - MENCIÓN DE SERIE
Mención de serie El grifón de plata
830 0# - PUNTO DE ACCESO ADICIONAL DE SERIE-TÍTULO UNIFORME
Título uniforme El grifón de plata
9 (RLIN) 183368
852 ## - LOCALIZACIÓN
Ubicación ES-MaACL
Número de control de estantería C-10761
Sublocalización o colección R.39073
Holdings
Estatus retirado Estado de pérdida Estado de daño No para préstamo Biblioteca de origen Biblioteca actual Ubicación en estantería Fecha de adquisición Fuente de adquisición Total de préstamos Signatura topográfica completa Código de barras Visto por última vez Precio de reemplazo Tipo de ítem Koha
        Biblioteca del Ateneo de Madrid Biblioteca del Ateneo de Madrid Sala Palomar 17/01/2008     C-10761 1118446 23/02/2023 23/02/2023 Libro impreso